000 00334 a2200157 4500
001 193030
020 _a85-16-03581-6
040 _cMagnum
100 _aMontanari, Valdir
240 1 0 _aGlobalização
_lpor
245 1 0 _aGlobalização
300 _a71
362 0 _a2003
697 _aECONOMIA E DISCIPLINAS AFINS
942 _cBK
999 _c193030
_d193030